000 00404nam a22001697a 4500
005 20180613161823.0
008 160511b xxu||||| |||| 00| 0 eng d
020 _a81-259-1439-0
041 _aeng
082 _b1280
_a657.42
100 _aArora M N
_94362
245 _aCost Accountancy
260 _bVikas Publishing house Pvt. Ltd.
_c2004
300 _a1069
650 _aManagement
_9241
942 _cBK
999 _c548
_d548